000 00546nam a22001817a 4500
001 114202
003 DR-UNIBE
005 20251111112024.0
008 251106b1991 dr ||||| |||| 00| 0 spa d
040 _aBIBLIOTECA UNIBE
_cBIBLIOTECA UNIBE
_erda
041 _aspa
082 _aRD 342.729305 P387c
100 _aPellerano Gómez, Juan Manuel,
_d1927-2018
_9129232
_eautor
245 _aConstitucion y política /
_cJuan Ml. Pellerano Gómez
260 _aSanto Domingo :
_bEdiciones Capeldom,
_c1991
300 _a287 páginas
942 _2ddc
_cBK
999 _c114202
_d114202